|
|
|
|
| LEADER |
02751nam a2200685 i 4500 |
| 001 |
nkc20193157490 |
| 003 |
CZ PrNK |
| 005 |
20200324043022.0 |
| 007 |
ta |
| 008 |
191105s2019 xr a e f 000 0 cze |
| 020 |
|
|
|a 978-80-214-5789-8
|q (kroužková vazba)
|
| 040 |
|
|
|a BOA001
|b cze
|e rda
|
| 043 |
|
|
|a e-xv---
|a e-xr---
|
| 045 |
|
|
|a x-y-
|
| 072 |
|
7 |
|a 72
|x Architektura
|2 Konspekt
|9 21
|
| 080 |
|
|
|a 371.233
|2 MRF
|
| 080 |
|
|
|a 72(497.4)
|2 MRF
|
| 080 |
|
|
|a 72.012.2
|2 MRF
|
| 080 |
|
|
|a 72.036/.038
|2 MRF
|
| 080 |
|
|
|a (497.4)
|2 MRF
|
| 080 |
|
|
|a (437.3)
|2 MRF
|
| 080 |
|
|
|a (083.9)910.4
|2 MRF
|
| 080 |
|
|
|a (048.8)
|2 MRF
|
| 080 |
|
|
|a (036)
|2 MRF
|
| 100 |
1 |
|
|a Machát, Jan
|7 mzk20191056797
|4 aut
|
| 245 |
1 |
0 |
|a Odborné architektonické exkurze :
|b pozapomenutá významná česká a evropská architektura /
|c Jan Machát, Petr Dýr a kol.
|
| 264 |
|
1 |
|a V Brně :
|b Vysoké učení technické, Fakulta stavební, Ústav architektury,
|c 2019
|
| 300 |
|
|
|a 26 nečíslovaných listů:
|b barevné ilustrace ;
|c 15 x 21 cm +
|e 1 CD-ROM
|
| 336 |
|
|
|a text
|b txt
|2 rdacontent
|
| 336 |
|
|
|a statický obraz
|b sti
|2 rdacontent
|
| 337 |
|
|
|a bez média
|b n
|2 rdamedia
|
| 337 |
|
|
|a počítač
|b c
|2 rdamedia
|
| 338 |
|
|
|a svazek
|b nc
|2 rdacarrier
|
| 338 |
|
|
|a počítačový disk
|b cd
|2 rdacarrier
|
| 504 |
|
|
|a Obsahuje bibliografie
|
| 610 |
2 |
7 |
|a Vysoké učení technické v Brně.
|b Ústav architektury
|7 pna2011620604
|2 czenas
|
| 648 |
|
7 |
|a 20.-21. století
|7 ch462155
|2 czenas
|
| 648 |
|
7 |
|a 2019
|7 ch1095536
|2 czenas
|
| 648 |
|
7 |
|a 2011-2020
|7 ch460589
|2 czenas
|
| 650 |
0 |
7 |
|a exkurze
|7 ph536671
|z Česko
|y 2011-2020
|2 czenas
|
| 650 |
0 |
7 |
|a slovinská architektura
|7 ph125685
|y 20.-21. století
|2 czenas
|
| 650 |
0 |
7 |
|a architektonické projekty
|7 ph137760
|z Slovinsko
|y 20.-21. století
|2 czenas
|
| 650 |
0 |
7 |
|a moderní architektura
|7 ph115339
|z Slovinsko
|2 czenas
|
| 650 |
0 |
9 |
|a study excursions
|z Czechia
|y 2011-2020
|2 eczenas
|
| 650 |
0 |
9 |
|a Slovenian architecture
|y 20th-21st centuries
|2 eczenas
|
| 650 |
0 |
9 |
|a architectural projects
|z Slovenia
|y 20th-21st centuries
|2 eczenas
|
| 650 |
0 |
9 |
|a modern architecture
|z Slovenia
|2 eczenas
|
| 655 |
|
7 |
|a itineráře
|7 fd542752
|2 czenas
|
| 655 |
|
7 |
|a přehledy
|7 fd133202
|2 czenas
|
| 655 |
|
7 |
|a informační publikace
|7 fd132454
|2 czenas
|
| 655 |
|
9 |
|a itineraries
|2 eczenas
|
| 655 |
|
9 |
|a surveys
|2 eczenas
|
| 655 |
|
9 |
|a information publications
|2 eczenas
|
| 700 |
1 |
|
|a Dýr, Petr,
|d 1958-
|7 mzk2005304387
|4 aut
|
| 910 |
2 |
|
|a BOA001
|b 2-1434.990
|
| 990 |
|
|
|a BK
|
| 995 |
|
|
|a 11
|
| 991 |
|
|
|b 201911
|c NOV
|
| 996 |
6 |
|
|b 2610805119
|c 2-1434.990
|l MZK
|r Sklad / do 1 hodiny
|n 0
|p p.v.
|w 001766500
|u 000010
|a 1
|e BOA001
|j MZK50
|s P
|
| 996 |
7 |
|
|b 2610805120
|c 2-1434.990
|l MZK
|r Sklad / do 1 hodiny
|n 0
|p p.v.
|w 001766500
|u 000020
|a 1
|e BOA001
|j MZK50
|s A
|